Alpha Centauri, la estrella más próxima / (Record no. 186074)

MARC details
000 -LEADER
campo de control de longitud fija 00851nam a2200241 i 4500
001 - NÚMERO DE CONTROL
campo de control 186074
003 - IDENTIFICADOR DE NÚMERO DE CONTROL
campo de control SpMaBN
005 - FECHA Y HORA DE LA ÚLTIMA TRANSACCIÓN
campo de control 20250804010210.0
008 - DATOS DE LONGITUD FIJA--INFORMACIÓN GENERAL
campo de control de longitud fija 160906s1984 sp d |||| | spa d
020 ## - NÚMERO INTERNACIONAL ESTÁNDAR DEL LIBRO
Número Internacional Estándar del Libro 84-206-0020-2
080 ## - NÚMERO DE LA CLASIFICACIÓN DECIMAL UNIVERSAL
Número de la Clasificación Decimal Universal 524.3
100 1# - ENTRADA PRINCIPAL--NOMBRE DE PERSONA
Nombre de persona Asimov, Isaac.
9 (RLIN) 23610
245 10 - MENCIÓN DEL TÍTULO
Título Alpha Centauri, la estrella más próxima /
Mención de responsabilidad, etc. Isaac Asimov ; [traductor, Santiago García Conde].
260 ## - PUBLICACIÓN, DISTRIBUCIÓN, ETC.
Lugar de publicación, distribución, etc. Madrid :
Nombre del editor, distribuidor, etc. Alianza Editorial,
Fecha de publicación, distribución, etc. [1984]
300 ## - DESCRIPCIÓN FÍSICA
Extensión 186 p. :
Otras características físicas gráf. ;
Dimensiones 18 cm.
490 1# - MENCIÓN DE SERIE
Mención de serie El libro de bolsillo ;
Designación de volumen o secuencia 1020.
Mención de serie Ciencia y técnica
650 07 - PUNTO DE ACCESO ADICIONAL DE MATERIA--TÉRMINO DE MATERIA
Término de materia o nombre geográfico como elemento de entrada Estrellas.
9 (RLIN) 12564
650 04 - PUNTO DE ACCESO ADICIONAL DE MATERIA--TÉRMINO DE MATERIA
Término de materia o nombre geográfico como elemento de entrada Constelaciones.
9 (RLIN) 11290
700 1# - ENTRADA AGREGADA--NOMBRE PERSONAL
Nombre de persona García Conde, Santiago.
9 (RLIN) 54379
830 03 - PUNTO DE ACCESO ADICIONAL DE SERIE-TÍTULO UNIFORME
Título uniforme El libro de bolsillo.
Nombre de parte o sección de la obra Ciencia y técnica
Designación de volumen o secuencia 1020.
9 (RLIN) 181079
852 ## - LOCALIZACIÓN
Ubicación ES-MaACL
Número de control de estantería L-30637
Nota libre . - Donat. Miguel A. Velasco
Holdings
Estatus retirado Estado de pérdida Estado de daño No para préstamo Biblioteca de origen Biblioteca actual Ubicación en estantería Fecha de adquisición Fuente de adquisición Total de préstamos Signatura topográfica completa Código de barras Visto por última vez Precio de reemplazo Tipo de ítem Koha
        Biblioteca del Ateneo de Madrid Biblioteca del Ateneo de Madrid Depósito 2 06/09/2016     L-30637 1196177 23/02/2023 23/02/2023 Libro impreso